Normal view MARC view
  • Delafosse, G.

Entry Nombre Personal

Number of records used in: 2

001 - NUMERO DE CONTROL

  • campo de control: 52292

003 - IDENTIFICADOR DE NUMERO DE CONTROL

  • campo de control: DLC

005 - FECHA Y HORA DE LA ÜLTIMA TRANSACCIÓN

  • campo de control: 20240610133305.0

008 - DATOS DE LONGITUD FIJA

  • campo de control de longitud fija: 020925n| acannaabn |a aaa c

010 ## - NÚMERO DE CONTROL DE LA BIBLIOTECA DEL CONGRESO

  • Número de control LC: nr2002035491

040 ## - FUENTE DE CATALOGACIÓN

  • Agencia original de catalogación: NIC
  • Lenguaje de catalogación: spa
  • Agencia de transcripción: NIC
  • Agencia que lo modifica: MX-MxUPN

100 1# - ENCABEZAMIENTO - NOMBRE PERSONAL

  • Nombre personal: Delafosse, G.
  • Fuller form of name: (Gabriel),
  • Fechas asociadas con el nombre: 1796-1878

400 1# - VEÁSE - NOMBRE DE PERSONA

  • Personal name: Delafosse, Gabriel,
  • Dates associated with a name: 1796-1878

670 ## - FUENTE EN LA QUE SE LOCALIZARON DATOS

  • Cita de la fuente: Nouveau cours de mineralogie, 1858:
  • Información localizada: portada (M. Delafosse)

670 ## - FUENTE EN LA QUE SE LOCALIZARON DATOS

  • Cita de la fuente: RLIN, Sept. 24, 2002
  • Información localizada: (hdgs.: Delafosse, Gabriel, 1796-1878; Delafosse, Gabriel; usage: G. Delafosse; M. Delafosse)

670 ## - FUENTE EN LA QUE SE LOCALIZARON DATOS

  • Cita de la fuente: Nociones elementales de historia natural : zoología, 1890:
  • Información localizada: portada (G. Delafosse)

902 ## - CATALOGADOR

  • Catalogador: Víctor Ruiz/100624